000 00296nam a22001097a 4500
999 _c2913
_d2913
008 181231b ||||| |||| 00| 0 eng d
100 _aKlug, Janet
245 _aBuilding better stamp clubs
260 _bAmerican Philatelic Society
_c1996
650 _aOrganizations | MLC
700 _aLawrence, Linda